00322nam a2200121Ia 4500008004100000245006100041260001700102260000900119300000800128650002300136650001200159856002900171170516s9999 xx 000 0 und d aIn Vivo Monitoring of Liver Damage Using Caspase-3 Probe bTheranostics c2012 a2:2 xMedical Technology xMedtech uhttp://www.thno.org/v2i2